00542nam a22001697a 450000500170000001000150001702000260003203500140005803700190007203700090009108200160010010000250011624501120014126000340025327000640028730000210035120241224124144.0 aENG-142339 c475.00a9789393734983 aEN-125871 bExceller Books bDBAD a364.1680954 aUkaegbu, Anthony C.  aNational Security in a Globalised World: The Relevance of Smart Power and Diplomacy/cby Anthony C. Ukaegbu aKolkatabExceller Booksc2024 aG1 Dream Apartment, Degree College Roadb Belgharia,Kolkata a223p. c21cm(pb)